000 01017nam0a2200301 4500
001 RU\NLR\BIBL_A\022752289
005 20260322045103.0
010 _92000
035 _a(NLR Aleph) 022752289
090 _a13636640
_c13636640
100 _a20260312d1966 a y0rusy50 ca
101 0 _atyv
_crus
102 _aRU
105 _aa z 000 y
181 0 _ai
_baxxe
182 0 _an
200 1 _aОолдарның гигиеназы
_fЭмчи Е. А. Банников
_gПеревел Чамаев К. К.
203 _aТекст
_bвизуальный
_cнепосредственный
210 _aКызыл
_cТываның ном үндүрер чери
_d1966
215 _a30, [2] с.
_cил.
_d20
541 1 _aГигиена юноши
_zrus
686 1 _aР128
700 1 _aБанников
_bЕ.А.
_gЕвгений Александрович
_4070
702 1 _aЧамаев
_bК. К.
_4730
852 _aNLR
_bОНЛ
_jТув./2-714
942 _cBOOK
980 _aNB